000 00990nam a2200265 i 4500
001 bg
100 1 _aANG, Tom
245 1 0 _aFotografia cyfrowa :
_bpodręcznik /
_cTom Ang ; [tł. Krzysztof Wojciechowski].
246 _iTyt. oryg.:
_aDigital photographer's handbook
260 _aWarszawa :
_b"Arkady",
_c2003.
300 _a407, [1] s. :
_bfot. (gł. kolor.), rys., tab., wykr. ;
_c26 cm.
500 _aTyt. oryg.: "Digital photographer's handbook" 2002. Na okł. podtyt.: wyposażenie, techniki, efekty, projekty.
504 _aBibliogr. s. 398-399. Indeks.
650 9 _aFotografia cyfrowa
655 _aPodręczniki
700 1 _aWOJCIECHOWSKI, Krzysztof
_d(1947- ).
_eTł.
020 _a8321343171
040 _cBPK
041 1 _apol
_heng
080 _a778:004.932](07)
920 _a83-213-4317-1
942 _cKS
008 s pl f |000 0 pol
999 _c44254
_d44254